Microcomputer interfacing and applications (2nd ed.) (Record no. 51099)

MARC details
000 -LEADER
fixed length control field 00800nam a2200205 a 4500
008 - FIXED-LENGTH DATA ELEMENTS--GENERAL INFORMATION
fixed length control field 060316s1994 ||||||||||||||||| || u
020 ## - INTERNATIONAL STANDARD BOOK NUMBER
International Standard Book Number 0750617527
050 ## - LIBRARY OF CONGRESS CALL NUMBER
Classification number TK 7887.5 Mus
100 ## - MAIN ENTRY--PERSONAL NAME
Personal name Mustafa, M. A. (Mustafa Ahsen)
245 10 - TITLE STATEMENT
Title Microcomputer interfacing and applications (2nd ed.)
250 ## - EDITION STATEMENT
Edition statement 2nd ed.
260 ## - PUBLICATION, DISTRIBUTION, ETC.
Place of publication, distribution, etc. Oxford ;Boston :
Name of publisher, distributor, etc. Newnes
Date of publication, distribution, etc. 1994.
300 ## - PHYSICAL DESCRIPTION
Extent xiii, 456 p. : ill. ; 24 cm.
350 ## - PRICE (NR) (BK AM CF MU VM SE) [OBSOLETE]
Price 0.00
500 ## - GENERAL NOTE
General note Rev. ed. of: Digital and analogue interfacing for microcomputers. 1990. -Includes index.
650 ## - SUBJECT ADDED ENTRY--TOPICAL TERM
Topical term or geographic name entry element COMPUTER INTERRFACES
650 ## - SUBJECT ADDED ENTRY--TOPICAL TERM
Topical term or geographic name entry element TEXTBOOKS
650 ## - SUBJECT ADDED ENTRY--TOPICAL TERM
Topical term or geographic name entry element DIGITAL--TO--ANALOG CONVERTERS
995 ## - RECOMMENDATION 995 [LOCAL, UNIMARC FRANCE]
-- CBU-MAIN LIBRARY (Kitwe)
-- 0.00
-- AVAILABLE
-- Nov 12, 2013
-- Main Library Open Access Collection
Holdings
Withdrawn status Lost status Source of classification or shelving scheme Damaged status Not for loan Home library Current library Shelving location Date acquired Total Checkouts Full call number Barcode Date last seen Price effective from Koha item type
          CBU-MAIN LIBRARY, KITWE. CBU-MAIN LIBRARY, KITWE.   11/30/2022   TK 7887.5 Mus 027478 11/30/2022 11/30/2022 MONOGRAPH